00200nam a22000977a 4500082000800000100001500008245003100023260002400054942000700078999001700085 aPER aPertab Rai aProcess equipments of raw  aLondonbMcGraw Hill cBK c15323d15323